[Event "Witten (ch open)"]
[Site "Witten"]
[Date "2013.02.22"]
[Round "3"]
[White "Hoelzer, Thomas"]
[Black "Gallmeister, Christian"]
[Result "1-0"]
[WhiteElo "1726"]
[BlackElo "1578"]
[PlyCount "65"]
[EventDate "2013.02.08"]
[EventType "swiss"]
[EventRounds "7"]
[EventCountry "GER"]
[Source "Lothar Stergar"]
[SourceDate "2013.02.09"]

1. e4 d5 2. exd5 Qxd5 3. Nc3 Qa5 4. d4 Bf5 (4... c6 {- Helbig,D (1854)-Bauer,M
(1653), (4) 2009}) 5. Bd3 Bxd3 6. Qxd3 c6 7. Nf3 Nf6 8. Bd2 Nbd7 9. O-O e6 10.
Ne4 Qc7 11. c4 Nxe4 12. Qxe4 Nf6 {#} 13. Qh4 (13. Qe2 Bd6 (13... Be7 14. Rfe1
O-O 15. Bc3 Rad8 16. b4 b5 17. Rac1 a6 18. a4 Qb7 19. axb5 axb5 20. Ne5 Bd6 21.
Qf3 Bxe5 22. dxe5 Nd7 23. c5 Nb8 24. Rcd1 Na6 25. Rd6 Nb8 26. Red1 Rd7 27. h4
Rxd6 28. exd6 Qd7 29. h5 f5 30. h6 g6 31. Qe3 Kf7 32. Re1 Rg8 33. Qe5 Kf8 34.
Qf6+ Qf7 35. Qd8+ Qe8 36. Bg7+ Kf7 37. Qf6# {1-0 Vingerhoets,L (2077)-Violeau,
J (1880), Avoine 2008}) 14. Ne5 (14. Bc3 O-O 15. d5 exd5 16. Bxf6 gxf6 17. cxd5
cxd5 18. Rfd1 Rad8 19. g3 Rfe8 20. Qd2 Qb6 21. Nd4 Re4 22. Nf5 Bf8 23. Kg2 d4
24. Qd3 Qe6 25. Qf3 Rd5 26. g4 d3 27. Rxd3 Rxd3 28. Qxd3 Rxg4+ 29. Ng3 h5 30.
f3 Rg5 31. f4 Rd5 32. f5 Qe5 33. Qc3 h4 34. Qxe5 Rxe5 35. Nf1 Rxf5 36. Ne3 h3+
37. Kg3 Bd6+ 38. Kg4 Rf2 39. Nd5 Be5 40. Kxh3 Rxh2+ 41. Kg4 Rxb2 42. Rc1 Rxa2
43. Ne7+ Kf8 44. Nf5 Ke8 {0-1 Rosenberger,F (1950)-Akstinat,S (2170),
Troisdorf 2007}) 14... O-O 15. f4 c5 16. dxc5 Bxc5+ 17. Be3 Rfd8 18. Rad1 Nd7
19. Nxd7 Rxd7 20. Rxd7 Bxe3+ 21. Qxe3 Qxd7 22. Rf3 Qd1+ 23. Kf2 Rd8 24. Qxa7
Qd2+ 25. Kg3 e5 26. Qe3 Qxb2 27. fxe5 Qxa2 28. e6 fxe6 29. Qxe6+ Kh8 30. Qf7
Qa8 31. h3 Qb8+ 32. Qf4 Qc8 33. Kh2 Qb8 34. Qxb8 Rxb8 35. Rf7 h6 36. Rc7 Kh7
37. Kg3 b5 38. c5 b4 39. c6 b3 40. Rb7 Rc8 41. Rxb3 Rxc6 42. h4 Rg6+ 43. Kf3 h5
44. Rb5 Rf6+ 45. Kg3 Kh6 46. Rg5 g6 47. Ra5 Rf7 48. Rg5 Rf1 49. Ra5 Rf6 {1/2-1/
2 Rydl,J (1808)-Krasensky,J (1514), Pavla Vlachovice 2010}) 13... Be7 14. Ne5
Nd7 15. Qg3 Nxe5 16. dxe5 O-O-O 17. Rad1 f6 18. Bc3 Rxd1 19. Rxd1 Rd8 20. Rxd8+
Qxd8 21. h3 g5 22. Qe3 fxe5 23. Qxa7 Qc7 24. Qa8+ Kd7 25. Qh8 Qd6 26. Qxh7 Qd1+
27. Kh2 Qe2 28. Bb4 g4 29. Qxe7+ Kc8 30. Qxe6+ Kc7 31. Bd6+ Kb6 32. c5+ Ka6 33.
Qxg4 1-0

[Event "Witten (ch open)"]
[Site "Witten"]
[Date "2013.03.01"]
[Round "4"]
[White "Reinoehl, Christian"]
[Black "Mrowetz, Josef"]
[Result "1-0"]
[WhiteElo "2022"]
[BlackElo "1399"]
[PlyCount "39"]
[EventDate "2013.02.08"]
[EventType "swiss"]
[EventRounds "7"]
[EventCountry "GER"]
[Source "Lothar Stergar"]
[SourceDate "2013.02.09"]

1. Nf3 Nh6 (1... c5 {- Hoelzer,T (1708)-Kurz,H (1634), (5) 2012}) 2. d4 g6 3.
e4 f6 4. Bc4 Bg7 5. Nc3 Nf7 6. Be3 O-O {#} 7. h4 (7. Qd2 e6 8. O-O-O c6 9. d5
b5 10. dxe6 dxe6 11. Qxd8 Rxd8 12. Rxd8+ {1-0 Zuccarelli,A (1800)-Schwarz,I 
(1834), email 2003}) 7... h6 8. Qd2 e6 9. O-O-O Nc6 10. g4 Nd6 11. Be2 Kh7 12.
g5 b5 13. gxf6 b4 14. fxg7 bxc3 15. gxf8=N+ Qxf8 16. Qxc3 Nxe4 17. Qd3 d5 18.
h5 a5 19. hxg6+ Kg7 20. Bxh6+ 1-0

[Event "Witten (ch open)"]
[Site "Witten"]
[Date "2013.03.01"]
[Round "4"]
[White "Hartung, Thomas"]
[Black "Werner, Michael"]
[Result "0-1"]
[WhiteElo "1864"]
[BlackElo "2013"]
[PlyCount "158"]
[EventDate "2013.02.08"]
[EventType "swiss"]
[EventRounds "7"]
[EventCountry "GER"]
[Source "Lothar Stergar"]
[SourceDate "2013.02.09"]

1. e4 c5 2. Nf3 e6 3. d4 cxd4 4. Nxd4 a6 5. Nc3 Qc7 6. Be3 Nf6 (6... Nc6 {-
Delkus,R-Fieberg,N (1790), (1) 1994}) 7. a3 Nc6 8. Be2 Ne5 9. O-O b5 10. Bf4
Bb7 11. Re1 {#} Be7 (11... Bc5 12. Bg3 O-O 13. Bf1 Be7 14. Nf3 d6 15. Nxe5 dxe5
16. Bd3 Rfd8 17. Qe2 Rd7 18. Nb1 Rdd8 19. Nd2 Nd7 20. Nf3 Bf6 21. h3 Nc5 22.
Nh2 Bg5 23. Ng4 f6 24. Rad1 Rd4 25. f3 h5 26. Nf2 Rad8 27. Kh1 g6 28. Bh2 Kg7
29. Bg1 R4d6 30. Bh2 Na4 31. Rb1 R8d7 32. f4 exf4 33. e5 Rb6 34. exf6+ Bxf6 35.
Ne4 Bxb2 36. Ng5 e5 37. Bg1 Rf6 38. c4 Bxa3 39. cxb5 Nc3 40. b6 Qd6 41. Qxe5
Qxe5 42. Rxe5 Rxd3 43. Rbe1 Rd7 44. Ne6+ Kg8 45. Nc5 Bxc5 46. Bxc5 {0-1 Herzog,
A (2210)-Meetei,A (2340), La Valetta 1980}) 12. Bg3 O-O 13. Bf1 d6 14. Kh1 Rfd8
15. Qe2 Rac8 16. f3 Nc4 17. Nd1 Nh5 18. f4 Nxg3+ 19. hxg3 Bf6 20. c3 Qc5 21.
Qd3 e5 22. Nb3 Qc7 23. Qc2 d5 24. exd5 exf4 25. Qf5 Rxd5 26. Qxf4 Be5 27. Qg4
Bxg3 28. Re2 g6 29. Nd4 Rh5+ 30. Kg1 Rh4 31. Qg5 h6 32. Qe7 Bh2+ 33. Kf2 Qf4+
34. Ke1 Bg3+ 35. Nf2 Bxf2+ 36. Rxf2 Qe4+ 37. Re2 Qxe7 38. Rxe7 Re4+ 39. Rxe4
Bxe4 40. a4 Re8 41. Kf2 Nxb2 42. axb5 axb5 43. Bxb5 Rc8 44. Ra3 Nd1+ 45. Kg3
Rxc3+ 46. Rxc3 Nxc3 47. Bc4 Bd5 48. Bd3 Kg7 49. Kh3 h5 50. g4 hxg4+ 51. Kxg4
Kf6 52. Ba6 Ne4 53. Bf1 Nd2 54. Ba6 Nc4 55. Bb5 Ne5+ 56. Kg3 Kg5 57. Be8 f6 58.
Ne2 Bf7 59. Bb5 f5 60. Nf4 Kf6 61. Nh3 g5 62. Ba4 Ng6 63. Bc2 f4+ 64. Kf2 Be6
65. Ng1 Bg4 66. Bb1 Ne5 67. Be4 Bf5 68. Bb7 g4 69. Ne2 Kg5 70. Bd5 Nd3+ 71. Kg2
Kf6 72. Bc6 Ke5 73. Nc3 Kd4 74. Ne2+ Ke3 75. Nc3 f3+ 76. Kf1 g3 77. Nd1+ Kf4
78. Bb7 Bh3+ 79. Kg1 f2+ 0-1

[Event "Witten (ch open)"]
[Site "Witten"]
[Date "2013.03.01"]
[Round "4"]
[White "Teich, Willi"]
[Black "Hoelzer, Thomas"]
[Result "1-0"]
[WhiteElo "1695"]
[BlackElo "1726"]
[PlyCount "111"]
[EventDate "2013.02.08"]
[EventType "swiss"]
[EventRounds "7"]
[EventCountry "GER"]
[Source "Lothar Stergar"]
[SourceDate "2013.02.09"]

1. c4 Nf6 2. Nc3 d5 3. d4 c6 4. e3 Bf5 (4... e6 {- Prein,D (1250)-Zimbelmann,W
(1540), (5) 1998}) 5. Bd3 Bxd3 6. Qxd3 e6 7. Nge2 Bd6 8. cxd5 exd5 9. Ng3 {#}
Bxg3 (9... O-O 10. O-O Re8 11. Re1 Qc7 12. Bd2 Nbd7 13. Rac1 a6 14. Re2 g6 15.
Be1 Bxg3 16. hxg3 Qd6 17. f3 Rad8 18. Bf2 Nh5 19. Kh2 f5 20. e4 Nf4 21. gxf4
Qxf4+ 22. g3 Qxc1 23. Be3 Qf1 24. Bg5 fxe4 25. fxe4 Nf6 26. Bxf6 Qxf6 27. e5
Qe6 28. Na4 Rf8 29. Nc5 Qg4 30. e6 Rf3 {0-1 Ben Dak,S-Gurcumalidze,T (2124),
Heraklio 2002}) 10. hxg3 Qe7 11. Qf5 Nbd7 12. Bd2 g6 13. Qf3 O-O-O 14. O-O-O
Nb6 15. b3 Ne4 16. Nxe4 dxe4 17. Qe2 Qa3+ 18. Kb1 Rd5 19. Bc1 Qd6 20. Qc2 f5
21. g4 Kb8 22. gxf5 gxf5 23. g4 a5 24. gxf5 Rxf5 25. f4 Rb5 26. Bb2 Qd5 27.
Rdg1 a4 28. bxa4 Rb4 29. Rg5 Qc4 30. Rc5 Qxc2+ 31. Rxc2 Nc4 32. Rxc4 Rxc4 33.
d5 Rg8 34. dxc6 bxc6 35. Be5+ Ka8 36. Kb2 Rxa4 37. Kb3 Ra7 38. a4 Rd7 39. Kc4
Rg2 40. Rh6 Kb7 41. a5 Rc2+ 42. Kb3 Rc1 43. Bd4 Rb1+ 44. Ka4 Rc1 45. Kb4 Ka6
46. Ka4 Rc2 47. Kb3 Rc1 48. Kb2 Rc4 49. Kb3 Kb5 50. Rh5+ c5 51. a6 Ra7 52. Bc3
Ra4 53. Bd4 Rc7 54. Bxc5 Rxc5 55. Rxc5+ Kxc5 56. Kxa4 1-0

[Event "Witten (ch open)"]
[Site "Witten"]
[Date "2013.03.01"]
[Round "4"]
[White "Gallmeister, Christian"]
[Black "Krawietz, Siegfried"]
[Result "1-0"]
[WhiteElo "1578"]
[BlackElo "1461"]
[PlyCount "41"]
[EventDate "2013.02.08"]
[EventType "swiss"]
[EventRounds "7"]
[EventCountry "GER"]
[Source "Lothar Stergar"]
[SourceDate "2013.02.09"]

1. e4 c5 2. Nc3 b6 3. g3 (3. f3 {- Koch,D (1312)-Krawietz,S (1461), (3) 2013})
3... Bb7 4. Bg2 g6 5. Nge2 Bg7 6. O-O e6 7. d4 {#} cxd4 (7... d6 8. dxc5 dxc5
9. Nb5 Bc6 10. Nec3 Qxd1 11. Rxd1 Na6 12. Bf1 Ke7 13. Bf4 Nf6 14. Bd6+ Ke8 15.
Be5 Ke7 16. Rd2 Ne8 17. Bxg7 Nxg7 18. Rad1 Ne8 19. e5 Nac7 20. Nxc7 Nxc7 21.
Bg2 Bd5 22. Bxd5 Nxd5 23. Nxd5+ exd5 24. Rxd5 f6 25. Rd7+ Ke6 26. R7d6+ Kxe5 {
1-0 Walkewitz,H (2179)-Leuschner,G (1895), Schloss Schney 2002}) (7... Ne7 8.
dxc5 bxc5 9. Qd6 Qb6 (9... Na6 10. Bg5 f6 11. Be3 Nc8 12. Qd2 h5 13. Rad1 h4
14. Nf4 hxg3 15. fxg3 Bh6 16. Nxe6 Bxe3+ 17. Qxe3 Qe7 18. Nf4 Qh7 19. h3 Ne7
20. Ncd5 Bxd5 21. Nxd5 Nxd5 22. exd5+ Qe7 23. Qxe7+ Kxe7 24. d6+ {1-0 Stefirca,
V (2100)-Tkacenko,V (2000), Eforie Nord  1998}) 10. Bf4 Na6 11. Rfd1 Bc6 12.
Rab1 Rd8 13. e5 Nf5 14. Qd2 h6 15. h4 Qb7 16. Bxc6 Qxc6 17. Kf1 g5 18. hxg5
hxg5 19. Bxg5 Qh1+ 20. Ng1 Rh2 21. Ke2 Nxg3+ 22. Kd3 c4+ 23. Kxc4 Qc6+ 24. Kd3
Nb4+ 25. Ke3 Nf5+ 26. Ke2 Qc4+ 27. Kf3 Nh4+ 28. Bxh4 Qxh4 29. Ne4 Qh5+ {0-1
Peters,A (2275)-Duchrow,O (2136), BRD 2011}) 8. Nxd4 Ne7 9. Ndb5 d5 10. exd5
exd5 11. Nxd5 Na6 12. Ndc7+ Nxc7 13. Qxd8+ Rxd8 14. Nxc7+ Kf8 15. Bxb7 Rd7 16.
Bf4 Bxb2 17. Rad1 Rxd1 18. Rxd1 Kg7 19. Rd7 Bf6 20. Nd5 Nxd5 21. Bxd5 1-0

[Event "Witten (ch open)"]
[Site "Witten"]
[Date "2013.03.01"]
[Round "4"]
[White "Stergar, Lothar"]
[Black "Koch, Detlev"]
[Result "0-1"]
[WhiteElo "1620"]
[BlackElo "1312"]
[PlyCount "60"]
[EventDate "2013.02.08"]
[EventType "swiss"]
[EventRounds "7"]
[EventCountry "GER"]
[Source "Lothar Stergar"]
[SourceDate "2013.02.09"]

1. e4 c5 2. Nf3 d6 3. d4 cxd4 4. Nxd4 a6 5. c4 Nf6 (5... g6 {- Stergar,L (1734)
-Pasdziernik,M (1738), (4) 2002}) 6. Nc3 e6 7. Be2 Be7 8. O-O O-O 9. Be3 Nc6
10. f4 Qc7 11. a4 {#} Nxd4 (11... Rb8 12. Nc2 (12. Qd2 Bd7 13. Rfb1 Rfc8 14. b4
Nxd4 15. Bxd4 b5 16. cxb5 axb5 17. Bxb5 e5 18. Bxd7 exd4 19. Nd5 Qxd7 20. Qxd4
Nxd5 21. Qxd5 Qa7+ 22. Kh1 Qf2 23. Rf1 Qh4 24. Qb3 Bf6 25. g3 Qh5 26. Rac1 Qe2
27. Rce1 Qd2 28. Rd1 Qxb4 29. Qxb4 Rxb4 30. Rxd6 Rxe4 31. a5 Re2 32. Rfd1 h6
33. a6 Ra2 {0-1 Konin,V (2062)-Mikleeva,A (1950), Celiabinsk 2009}) 12... b6
13. b4 d5 14. b5 Na5 15. exd5 Nxc4 16. Qd3 Nxe3 17. Nxe3 a5 18. Kh1 Bc5 19.
dxe6 Bxe6 20. Ned5 Nxd5 21. Nxd5 Qd6 22. Rad1 Rbd8 23. Bf3 Qb8 24. f5 Bxd5 25.
Bxd5 Rd6 26. f6 Rxf6 27. Rxf6 gxf6 28. Qf5 Qe5 29. Qd7 Be7 {1/2-1/2 Murin,J 
(2250)-Kupco,E, Slovensko 1997}) 12. Bxd4 Nd7 13. a5 Bf6 14. Be3 b6 15. axb6
Nxb6 16. Qb3 Nd7 17. Qc2 Bb7 18. Rad1 e5 19. f5 Nc5 20. Nd5 Bxd5 21. cxd5 Rfc8
22. Rc1 Qb6 23. Bf3 a5 24. Rfd1 Rab8 25. Rb1 Qb3 26. Qd2 Qb4 27. Qf2 Nxe4 28.
Qe2 Qc4 29. Qxc4 Rxc4 30. Be2 Rcb4 0-1

[Event "Witten (ch open)"]
[Site "Witten"]
[Date "2013.03.08"]
[Round "5"]
[White "Mrowetz, Josef"]
[Black "Werner, Michael"]
[Result "0-1"]
[WhiteElo "1399"]
[BlackElo "2013"]
[PlyCount "60"]
[EventDate "2013.02.08"]
[EventType "swiss"]
[EventRounds "7"]
[EventCountry "GER"]
[Source "Lothar Stergar"]
[SourceDate "2013.02.09"]

1. f4 Nf6 2. Nf3 g6 (2... d5 {- Claus,J (1825)-Vonrueden,R, (5) 1995}) 3. e3
Bg7 4. Be2 O-O 5. O-O d6 6. b3 c5 7. Bb2 Nc6 8. Bb5 {#} Bd7 (8... Qb6 9. Bxc6
Qxc6 10. d3 b5 11. a4 a6 12. Nbd2 Bd7 13. Qe1 Qb7 14. a5 Bc6 15. e4 d5 16. e5
Nh5 17. Qh4 d4 18. Ba3 b4 19. Bc1 f6 20. Qg4 Bd7 21. Qh4 Bc6 22. Qg4 f5 23. Qh4
Bd5 24. Nc4 Bxc4 25. dxc4 e6 26. Ne1 Rf7 27. Nd3 Bf8 28. Bd2 Be7 29. Qf2 Rc8
30. Qf3 {1/2-1/2 Durst,U-Darga,K (2450), Bad Wildbad 1998}) 9. Bxc6 Bxc6 10.
Qe1 b5 11. Qh4 a5 12. Ng5 h6 13. Nh3 e6 14. Qe1 a4 15. d3 b4 16. a3 axb3 17.
cxb3 bxa3 18. Rxa3 Rxa3 19. Nxa3 Qb6 20. Qd2 Qxb3 21. Nc4 Bb5 22. Qc3 Bxc4 23.
dxc4 Rb8 24. Ba1 Qxc3 25. Bxc3 Rb3 26. Rc1 Ne4 27. Bxg7 Kxg7 28. Nf2 Rxe3 29.
Rd1 Nc3 30. Rf1 Ne2+ 0-1

[Event "Witten (ch open)"]
[Site "Witten"]
[Date "2013.03.08"]
[Round "5"]
[White "Teich, Willi"]
[Black "Hartung, Thomas"]
[Result "0-1"]
[WhiteElo "1695"]
[BlackElo "1864"]
[PlyCount "56"]
[EventDate "2013.02.08"]
[EventType "swiss"]
[EventRounds "7"]
[EventCountry "GER"]
[Source "Lothar Stergar"]
[SourceDate "2013.02.09"]

1. c4 Nf6 2. Nf3 e6 3. g3 d5 4. Bg2 c5 (4... Be7 {- Hoppe,U (1865)-Herrmann,U 
(1940), (8) 1996}) 5. O-O Be7 6. d3 Nc6 7. Nbd2 O-O 8. Re1 {#} a6 (8... Re8 9.
Nf1 a6 10. b3 b5 11. Bb2 Bb7 12. Rc1 Qb6 13. cxd5 exd5 14. Qc2 d4 15. Qb1 Rad8
16. e4 dxe3 17. Nxe3 Nb4 18. Rcd1 Bf8 19. a3 Nbd5 20. Nc2 h6 21. Ne5 Re6 22. d4
Rde8 23. dxc5 Bxc5 24. Nd3 Bf8 25. Rxe6 Rxe6 26. Nd4 Re8 27. Nf3 Ne4 28. Re1
Ndf6 {1/2-1/2 Voigt,R (2381)-Spiess,G (2391), Leipzig 2004}) 9. a3 Qc7 10. Qc2
b5 11. b3 Bb7 12. e4 bxc4 13. bxc4 d4 14. Nb3 e5 15. Nh4 Rfe8 16. Nf5 Bf8 17.
Qe2 Bc8 18. Nh4 Rb8 19. Nd2 Bg4 20. f3 Be6 21. g4 Na5 22. Qd1 g6 23. Bf1 Bh6
24. Ng2 Qd7 25. h3 Be3+ 26. Nxe3 dxe3 27. Rxe3 Qd4 28. Qe2 Qxa1 0-1

[Event "Witten (ch open)"]
[Site "Witten"]
[Date "2013.03.08"]
[Round "5"]
[White "Krawietz, Siegfried"]
[Black "Stergar, Lothar"]
[Result "0-1"]
[WhiteElo "1461"]
[BlackElo "1620"]
[PlyCount "72"]
[EventDate "2013.02.08"]
[EventType "swiss"]
[EventRounds "7"]
[EventCountry "GER"]
[Source "Lothar Stergar"]
[SourceDate "2013.02.09"]

1. e4 c5 2. Nf3 d6 3. g3 (3. d4 {- Hartung,T (1864)-Stergar,L (1620), (3) 2013}
) 3... Nf6 4. d3 Nc6 5. Bg2 g6 6. b3 Bg7 7. Bb2 O-O 8. O-O Rb8 9. Re1 {#} e5 (
9... Bg4 10. h3 Bxf3 11. Bxf3 Ne8 12. c3 b5 13. d4 cxd4 14. cxd4 Rc8 15. Na3 a6
16. Qd2 e6 17. Rac1 Qb6 18. Bg2 Nf6 19. d5 exd5 20. exd5 Nb8 21. Nc2 Ne4 22.
Rxe4 Bxb2 23. Rd1 Nd7 24. Nd4 Bxd4 {1/2-1/2 Alon,L-Tiefenbacher,R, Bruegge 1978
}) 10. c4 Bg4 11. Nc3 Nd4 12. Nd5 b5 13. h3 Nxf3+ 14. Bxf3 Bxh3 15. cxb5 Rxb5
16. Nxf6+ Qxf6 17. Bg4 Bxg4 18. Qxg4 Qd8 19. Kg2 a5 20. Bc3 Qa8 21. f3 a4 22.
Qd7 Rfb8 23. Qxd6 Rd8 24. Qe7 Rb7 25. Qh4 Rxd3 26. Red1 Rbd7 27. Qh1 Qb7 28.
Rac1 axb3 29. axb3 Qxb3 30. Rxd3 Rxd3 31. Qe1 Bh6 32. f4 exf4 33. gxf4 Bxf4 34.
Rb1 Qc2+ 35. Kf1 Rf3+ 36. Kg1 Qh2# 0-1

[Event "Witten (ch open)"]
[Site "Witten"]
[Date "2013.03.15"]
[Round "6"]
[White "Koch, Detlev"]
[Black "Reinoehl, Christian"]
[Result "0-1"]
[WhiteElo "1312"]
[BlackElo "2022"]
[PlyCount "58"]
[EventDate "2013.02.08"]
[EventType "swiss"]
[EventRounds "7"]
[EventCountry "GER"]
[Source "Lothar Stergar"]
[SourceDate "2013.02.09"]

1. e4 e5 2. Nf3 Nc6 3. Bb5 a6 4. Ba4 Nf6 5. Qe2 (5. O-O {- Stergar,L (1653)
-Torchala,M, (4) 2011}) 5... b5 6. Bb3 Be7 7. c3 d6 8. d3 O-O 9. Be3 Na5 10.
Bc2 c5 {#} 11. O-O (11. Nbd2 Nc6 12. h3 d5 13. exd5 Nxd5 14. Nb3 Nf4 15. Bxf4
exf4 16. Qe4 Qd6 17. d4 f5 18. dxc5 Qh6 19. Qd5+ Kh8 20. O-O-O Rd8 21. Ne5 f3+
22. Kb1 Rxd5 23. Nf7+ Kg8 24. Nxh6+ gxh6 25. Rxd5 Be6 26. Rdd1 {1-0 Kaufmann,
A-Perlis,J, Wien 1913}) 11... Qc7 12. b3 d5 13. b4 cxb4 14. Bd2 bxc3 15. Bxc3
Nc6 16. d4 dxe4 17. Bxe4 Nxe4 18. Qxe4 exd4 19. Nxd4 Nxd4 20. Bxd4 Be6 21. Qe5
Qxe5 22. Bxe5 Rfd8 23. Nc3 Rd2 24. a3 Rad8 25. Bc7 Re8 26. Ba5 Rd3 27. Na2 Bf6
28. Nb4 Rb3 29. Ra2 Rxb4 0-1

[Event "Witten (ch open)"]
[Site "Witten"]
[Date "2013.03.15"]
[Round "6"]
[White "Werner, Michael"]
[Black "Stergar, Lothar"]
[Result "1-0"]
[WhiteElo "2013"]
[BlackElo "1620"]
[PlyCount "73"]
[EventDate "2013.02.08"]
[EventType "swiss"]
[EventRounds "7"]
[EventCountry "GER"]
[Source "Lothar Stergar"]
[SourceDate "2013.02.09"]

1. d4 Nf6 2. c4 g6 3. Nc3 Bg7 4. e4 d6 5. h3 O-O (5... Nbd7 {- Reinoehl,C 
(2096)-Herrmann,U (1867), (2) 2010}) 6. Bg5 c5 7. d5 Nbd7 8. f4 {#} h6 (8...
Qa5 9. Bd3 b5 10. cxb5 a6 11. b6 c4 12. Bc2 Nc5 13. Qd2 Qxb6 14. Rb1 Bb7 15.
Nge2 e6 16. Rf1 exd5 17. exd5 Rfe8 18. Rf2 Nfe4 19. Nxe4 Nxe4 20. Bxe4 Rxe4 21.
Kf1 Rae8 22. f5 gxf5 23. Ng3 Rd4 24. Re1 Re5 25. Rxe5 Bxe5 26. Qe2 Bxg3 27.
Qe8+ Kg7 28. Bf6+ Kxf6 29. Rxf5+ Kxf5 30. Qxf7+ Ke4 31. Qf3+ Ke5 32. Qh5+ Kf6
33. Qh6+ Ke7 34. Qe6+ Kd8 {0-1 Giessmann,S (2222)-Gawle,I (1962), Erbendorf
2009}) 9. Bh4 Qa5 10. Bd3 Re8 11. Nge2 Nf8 12. O-O N6h7 13. Bg3 e6 14. f5 e5
15. Be1 Qd8 16. Ng3 Nf6 17. Bd2 a6 18. a4 Kh8 19. Qc1 Ng8 20. Rf3 Nh7 21. Qc2
h5 22. Kh1 h4 23. Nf1 Ngf6 24. Ne3 Nh5 25. Ne2 N7f6 26. Raf1 Bd7 27. Be1 Ng8
28. Ng4 g5 29. Bd2 f6 30. g3 Nxg3+ 31. Nxg3 hxg3 32. Rxg3 Nh6 33. Rfg1 Re7 34.
h4 Nxg4 35. Rxg4 Qe8 36. Be3 Qh5 37. Qh2 1-0

[Event "Witten (ch open)"]
[Site "Witten"]
[Date "2013.03.15"]
[Round "6"]
[White "Hartung, Thomas"]
[Black "Mrowetz, Josef"]
[Result "1-0"]
[WhiteElo "1864"]
[BlackElo "1399"]
[PlyCount "53"]
[EventDate "2013.02.08"]
[EventType "swiss"]
[EventRounds "7"]
[EventCountry "GER"]
[Source "Lothar Stergar"]
[SourceDate "2013.02.09"]

1. e4 e5 2. f4 d5 3. exd5 Bc5 (3... exf4 {- Daemmrich,B (1072)-Kurz,H (1345), 
(7) 2000}) 4. Nf3 {#} Bg4 (4... e4 5. Qe2 (5. d4 Bb6 6. Ne5 Ne7 7. Nc3 O-O 8.
Bc4 Nf5 9. O-O Bxd4+ 10. Kh1 Qh4 11. Qe1 Qxe1 12. Rxe1 Nd6 13. Bb3 Nd7 14. Nxe4
Nxe5 15. fxe5 Bxe5 16. Ng3 f6 17. c3 Bd7 18. Be3 Rae8 19. a4 a5 20. Bc5 b6 21.
Ba3 g6 22. Ne2 Kf7 23. Nd4 Bxd4 24. cxd4 Rxe1+ 25. Rxe1 Re8 26. Rc1 Re3 27. Ba2
Ke7 28. Kg1 Kd8 29. b3 Rd3 30. Rf1 Rxd4 31. Bb2 Rxd5 32. Bxf6+ Kc8 33. h4 Rd2
34. Bb1 Bc6 35. Rc1 Rxg2+ 36. Kf1 Rh2 37. Rxc6 Rh1+ 38. Kg2 Rxb1 39. Be5 Kd7
40. Rc3 Rd1 41. Bf4 c5 42. Kf3 Nf5 43. Bg5 Rd4 44. h5 gxh5 45. Bf6 Rb4 46. Kf2
Rf4+ 47. Ke1 Nd4 48. Bg7 h4 49. Kd2 Rg4 {0-1 Perenyi,B (2375)-Tolnai,T (2230),
Budapest 1982}) 5... Nf6 6. d3 Bf5 7. Nc3 Bb4 8. dxe4 Bxc3+ 9. bxc3 Bxe4 10.
Ba3 Qxd5 11. Ng5 Nbd7 12. Rd1 Qc6 13. Qc4 O-O-O 14. Qxc6 Bxc6 15. Bd3 Rde8+ 16.
Kd2 Ne4+ 17. Bxe4 Bxe4 18. Nxf7 Rhg8 19. Rde1 Bd5 20. Ne5 Bxg2 21. Rhg1 Bd5 22.
Nxd7 Kxd7 23. Rxe8 Kxe8 24. Bc5 b6 25. Re1+ Kd8 26. Bd4 Kd7 27. a3 g6 28. Kd3
Be6 29. c4 c5 30. Bf6 Rf8 31. Bg5 h6 32. Bxh6 Rh8 33. Bg5 Rxh2 34. Kc3 Bf5 35.
Re7+ Kc6 36. Rxa7 Rxc2+ 37. Kb3 Bd3 38. Re7 Rc1 39. Re6+ Kb7 40. Rd6 {1/2-1/2
Rahman,Z (2320)-Ritter,M (2390), New York 1993}) 5. Be2 exf4 6. d4 Bd6 7. O-O
Nf6 8. Ne5 Bxe2 9. Qxe2 O-O 10. Nc3 c5 11. dxc6 Nxc6 12. Nxc6 bxc6 13. Qf3 g5
14. Qxc6 Rc8 15. Qb5 Nh5 16. Ne4 Be7 17. c3 f5 18. Nf2 g4 19. Nd3 Bh4 20. Bxf4
Nxf4 21. Rxf4 Rb8 22. Qc4+ Kh8 23. Raf1 Qg5 24. Qd5 Bf2+ 25. R4xf2 g3 26. hxg3
Qe3 27. Qe5+ 1-0

[Event "Witten (ch open)"]
[Site "Witten"]
[Date "2013.03.15"]
[Round "6"]
[White "Gallmeister, Christian"]
[Black "Teich, Willi"]
[Result "1-0"]
[WhiteElo "1578"]
[BlackElo "1695"]
[PlyCount "83"]
[EventDate "2013.02.08"]
[EventType "swiss"]
[EventRounds "7"]
[EventCountry "GER"]
[Source "Lothar Stergar"]
[SourceDate "2013.02.09"]

1. e4 e6 2. d4 d5 3. Nd2 Nf6 4. e5 Nfd7 5. c3 c5 6. Bd3 Nc6 7. Ne2 cxd4 8. cxd4
f6 (8... Bb4 {- Stergar,L (1709)-Jenkner,H (1570), (6) 2000}) 9. exf6 Nxf6 10.
O-O Bd6 11. Nf3 Qc7 12. Bd2 O-O 13. Ng3 Bd7 14. Re1 Rae8 15. Rc1 Qb8 16. a3 a6
{#} 17. Bb1 (17. Bc3 e5 18. dxe5 Nxe5 19. Nxe5 Bxe5 20. Bxe5 Rxe5 21. h3 Rxe1+
22. Qxe1 Qf4 23. Qe3 Ne8 24. Qxf4 Rxf4 25. Ne2 Rf6 26. f3 h6 27. Kf2 Kf7 28.
Nd4 Ke7 29. Ke3 Kd6 30. f4 Rf7 31. g4 Re7+ 32. Kf3 Nf6 33. Bg6 Ne4 34. Rc2 Nf6
35. Rc1 Ne4 36. Rc2 Nf6 37. Re2 Rxe2 38. Kxe2 Ng8 39. Bf5 Ne7 40. Bxd7 Kxd7 41.
Ke3 g6 42. b4 Kd6 43. Nb3 Nc6 44. Nc5 Nd8 45. Nd3 Nc6 46. Nc5 Nd8 47. Nb3 Ke7
48. Nd4 Kf6 49. f5 Nc6 50. fxg6 Kxg6 51. Ne6 Kf6 52. Nc5 Ke5 53. Nd3+ Kf6 54.
h4 b6 55. Nb2 Ne5 56. g5+ hxg5 57. hxg5+ Ke6 58. Nd3 Nc4+ 59. Kd4 {1/2-1/2
Balogh,C (2624)-Baklan,V (2631), Eforie Nord 2008}) 17... Bf4 18. Bxf4 Qxf4 19.
Qd3 Qh6 20. Rc3 Re7 21. Ne5 Be8 22. Nxc6 Bxc6 23. Nf5 exf5 24. Rxe7 Ne4 25. Rc2
Qh4 26. Re5 f4 27. Qf3 Ng5 28. Qd3 f3 29. Qe3 Nh3+ 30. gxh3 Qxh3 31. Qg5 Rf4
32. Qd8+ Rf8 33. Qg5 Rf4 34. Kh1 Qf1+ 35. Qg1 Qh3 36. Rg5 g6 37. Rg3 Qe6 38.
Rc3 Qf7 39. Bc2 Rxd4 40. Rcxf3 Rf4 41. Qd1 d4 42. Bb3 1-0

[Event "Witten (ch open)"]
[Site "Witten"]
[Date "2013.03.22"]
[Round "7"]
[White "Werner, Michael"]
[Black "Koch, Detlev"]
[Result "1-0"]
[WhiteElo "2013"]
[BlackElo "1312"]
[PlyCount "75"]
[EventDate "2013.02.08"]
[EventType "swiss"]
[EventRounds "7"]
[EventCountry "GER"]
[Source "Lothar Stergar"]
[SourceDate "2013.02.09"]

1. d4 Nf6 2. c4 g6 3. Nc3 d5 4. Nf3 c6 (4... Bg7 {- Morawietz,M (1927)
-Herrmann,U (1867), (4) 2010}) 5. e3 Bg7 6. Bd3 dxc4 7. Bxc4 b5 8. Bd3 a6 9.
O-O {#} b4 (9... Nbd7 10. e4 b4 11. Na4 e6 12. Bf4 Nh5 13. Bg5 Qc7 14. e5 f6
15. g4 fxg5 16. gxh5 h6 17. Bxg6+ Ke7 18. Nd2 Rf8 19. Ne4 Rf4 20. Rc1 a5 21.
Nac5 Ba6 22. Re1 Bb5 23. Nxe6 Kxe6 24. d5+ cxd5 25. Rxc7 Bxe5 26. Rxd7 {1-0
Hodzic,N (2263)-Kozarcanin,S (2138), Sarajevo 2012}) 10. Na4 Qa5 11. Bd2 Bg4
12. Nc5 Bc8 13. a3 Nfd7 14. axb4 Qc7 15. Qe2 Nxc5 16. bxc5 O-O 17. b4 e5 18.
Nxe5 Bxe5 19. dxe5 Qxe5 20. Rfc1 Rd8 21. Bc3 Qg5 22. Bc4 Bb7 23. Qf3 Qf5 24.
Qxf5 gxf5 25. Rd1 Re8 26. Rd6 Bc8 27. Rad1 Be6 28. R1d4 Ra7 29. g4 Rae7 30.
Bxe6 fxe6 31. gxf5 exf5 32. Rf4 Rf8 33. Rf3 Re4 34. h3 f4 35. exf4 Rexf4 36.
Rg3+ Kf7 37. Rg7+ Ke8 38. Rb7 1-0